000 00668nam a2200181 a 4500
001 000025883
005 20240229180118.0
008 110224s1999 dr a 000 0 spa d
040 _aDO-SdBNP
_bspa
_cBNPHU
082 _axxxx
_bR426c
110 1 _aRepública Dominicana.
_bContraloria General de la República
_921624
245 1 0 _aControl fiscal del sistema de percepción de los ingresos públicos de la República Dominicana /
_cprólogo Haivanjoeng Cortiñas.
260 _aSanto Domingo :
_bEditora de Luxes,
_c1999.
300 _a51 p. :
_bil. ;
_c21 cm.
504 _aBibliografía: p. 50-51
700 1 _aNg Cortiñas, Haivanjoe
_epról.
_921599
049 _aBNPD
999 _c25375
_d25375